| 000 | 00445nam a2200181Ia 4500 | ||
|---|---|---|---|
| 008 | 170918s9999 xx 000 0 und d | ||
| 020 | _a440864127 | ||
| 050 | _bK463gi 1999 | ||
| 100 | _aKidd, Richard | ||
| 245 | 4 | _aThe giant goldfish robbery / | |
| 245 | _cby Richard Kidd. | ||
| 260 | _aGreat Britain : | ||
| 260 | _bCorgi Yearling Books, | ||
| 260 | _c1999 | ||
| 300 | _a157 pages : | ||
| 300 | _billustrations ; | ||
| 300 | _c19cm. | ||
| 999 |
_c343906 _d343906 |
||